000 00464nam a22001937a 4500
003 MPLRDC
005 20220104144517.0
008 210129b ||||| |||| 00| 0 eng d
020 _a957-8431-45-7
082 _a293.21 DMXY
100 _a藤木相元
245 _a吉时行运
_c涂愫芸译
250 _a初版
260 _a
_b大村
_c1998
300 _b
490 _a智慧生活文库. 30
650 _a相书--面相
942 _cBK
_o293.21 DMXY
999 _c50313
_d50303